Los raros /
Guardado en:
| Autor Principal: | |
|---|---|
| Formato: | Libro |
| Publicado: |
Buenos Aires :
Espasa-calpe,
1952
|
| Series: | Colección Austral
|
| Materias: | |
| Etiquetas: |
Agregar Etiqueta
Sin Etiquetas, Sea el primero en etiquetar este registro!
|
| LEADER | 00893nam a22002535a 4500 | ||
|---|---|---|---|
| 001 | CEM.cems001949 | ||
| 005 | 20100906091511.0 | ||
| 008 | 130507s1952##################000#0#####d | ||
| 003 | CEMS | ||
| 082 | 0 | 4 | |a N868.3 |
| 100 | 1 | |a Darío, Rubén | |
| 245 | 1 | 0 | |a Los raros / |c Rubén Darío [seudónimo] |
| 260 | |a Buenos Aires : |b Espasa-calpe, |c 1952 | ||
| 300 | |a 223 p. | ||
| 490 | 0 | |a Colección Austral | |
| 653 | |a Literatura | ||
| 653 | |a Literatura hispanoamericana | ||
| 653 | |a Cuento nicaraguense 1889-1891 | ||
| 653 | |a Cuentos | ||
| 859 | |a CEMS |b BIB. CEMS - 11 de abril |h N868.3 |i D248 |p 14659.75 |t Ej.1 | ||
| 859 | |a CEMS |b BIB. CEMS - 11 de abril |h N868.3 |i D248 |p 14660.75 |t Ej.2 | ||
| 859 | |a CEMS |b BIB. CEMS - 11 de abril |h N868.3 |i D248 |p 14661.75 |t Ej.3 | ||
| 859 | |a CEMS |b BIB. CEMS - 11 de abril |h N868.3 |i D248 |p 14662.75 |t Ej.4 | ||
| 859 | |a CEMS |b BIB. CEMS - 11 de abril |h N868.3 |i D248 |p 14741.76 |t Ej.5 | ||
